=LDR 00000nam 2200000 4500 =001 INLIS000000000015268 =005 20130612110541 =008 ***********************************Ind** =035 ##$$0010-061300000015268 =041 ##$$a Ind =082 ##$$a 633 =090 ##$$a 633, Men-m =100 ##$$a Rismandra =245 ##$$a Mendayagunakan Tanaman Rumput, Rismundra =260 ##$$a 1986 $b Bandung =300 ##$$a V,108 hlm, Ilus, 21 cm =650 ##$$a Rumput =850 ##$$a NBPNMAT